Public Rights of Way (Register of Applications under section 53(5) of the Wildlife and Countryside Act 1981) (England) Regulations 2005 (Record no. 104656)
[ view plain ]
| 000 -LEADER | |
|---|---|
| fixed length control field | 01521cam a2200229 4500 |
| 001 - CONTROL NUMBER | |
| control field | ##L131166 |
| 008 - FIXED-LENGTH DATA ELEMENTS--GENERAL INFORMATION | |
| fixed length control field | 051005n2005 000 0 eng u |
| 020 ## - INTERNATIONAL STANDARD BOOK NUMBER | |
| International Standard Book Number | 0110733290 |
| 035 ## - SYSTEM CONTROL NUMBER | |
| System control number | (Sirsi) u131166 |
| 041 0# - LANGUAGE CODE | |
| Language code of text/sound track or separate title | eng |
| 245 00 - TITLE STATEMENT | |
| Title | Public Rights of Way (Register of Applications under section 53(5) of the Wildlife and Countryside Act 1981) (England) Regulations 2005 |
| 260 ## - PUBLICATION, DISTRIBUTION, ETC. | |
| Place of publication, distribution, etc. | London |
| Name of publisher, distributor, etc. | TSO |
| Date of publication, distribution, etc. | 2005 |
| 490 ## - SERIES STATEMENT | |
| Series statement | SI |
| Volume/sequential designation | 2005: 2461 |
| 520 ## - SUMMARY, ETC. | |
| Summary, etc. | These Regulations, applying only to England, came into force on 27 September 2005. S53(5) of the Wildlife and Countryside Act 1981 enables any person to apply to a surveying authority for an order to modify the definitive map and statement concerning public rights of way. S53B(1) of the Act requires every surveying authority to keep a register of applications under s53(5) of the Act. The Regulations prescribe the information to be contained in the register and the manner in which the register is to be kept but do not apply to application under s53(5) determined by the surveying authority before the relevant date. |
| 590 ## - LOCAL NOTE (RLIN) | |
| Local note | IKA111005 |
| 650 24 - SUBJECT ADDED ENTRY--TOPICAL TERM | |
| Topical term or geographic name entry element | WILDLIFE AND COUNTRYSIDE 1981S53B(1) |
| 650 24 - SUBJECT ADDED ENTRY--TOPICAL TERM | |
| Topical term or geographic name entry element | WILDLIFE AND COUNTRYSIDE 1981S53(5) |
| 650 24 - SUBJECT ADDED ENTRY--TOPICAL TERM | |
| Topical term or geographic name entry element | PUBLIC RIGHTS OF WAY (REGISTER OF APPLICATIONS UNDER S53(5) OF THE WILDLIFE AND COUNTRYSIDE ACT 1981) (ENGLAND) REGULATIONS 2005 |
| 690 ## - LOCAL SUBJECT ADDED ENTRY--TOPICAL TERM (OCLC, RLIN) | |
| Topical term or geographic name as entry element | Boundary disputes |
| 9 (RLIN) | 6221 |
| 856 40 - ELECTRONIC LOCATION AND ACCESS | |
| Uniform Resource Identifier | <a href="https://www.opsi.gov.uk/si/si2005/20052461.htm">https://www.opsi.gov.uk/si/si2005/20052461.htm</a> |
| Public note | View the Regulations free of charge on www.opsi.gov.uk... |
| 942 ## - ADDED ENTRY ELEMENTS (KOHA) | |
| Suppress in OPAC | 0 |
| Withdrawn status | Lost status | Source of classification or shelving scheme | Damaged status | Not for loan | Home library | Current library | Shelving location | Date acquired | Total Checkouts | Full call number | Barcode | Date last seen | Copy number | Price effective from | Koha item type |
|---|---|---|---|---|---|---|---|---|---|---|---|---|---|---|---|
| Dewey Decimal Classification | Virtual | Virtual | Online | 05/10/2005 | ONLINE PUBLICATION | 131166-2001 | 06/08/2019 | 1 | 06/08/2019 | Book |